Porsche /
Publikace mapuje historii legendární automobilové značky. Konstrukce slavných i méně známých typů automobilů, sportovní úspěchy. Archivní fotografie.
Uloženo v:
| Hlavní autor: | |
|---|---|
| Médium: | E-kniha |
| Jazyk: | Czech |
| Vydáno: |
V Brně :
CPress,
2021
|
| Vydání: | 1. vydání |
| Témata: | |
| Tagy: |
Žádné tagy |
| LEADER | 02896nam a2200685 i 4500 | ||
|---|---|---|---|
| 001 | 311432 | ||
| 003 | CZ PrSKC | ||
| 005 | 20260601215705.0 | ||
| 007 | ta | ||
| 008 | 211103s2021 xr ac e 000 0 cze | ||
| 015 | |a cnb003369480 | ||
| 020 | |a 9788026438465 |q (vázáno) : |c Kč 1290,00 | ||
| 035 | |a (OCoLC)1288051278 | ||
| 035 | |a (OCoLC)1291383457 | ||
| 040 | |a BOA001 |b cze |e rda | ||
| 043 | |a e-gx--- | ||
| 045 | |a x-y- | ||
| 072 | 7 | |a 629 |x Dopravní prostředky |2 Konspekt | |
| 080 | |a 629.331 |2 MRF | ||
| 080 | |a 629.371.23 |2 MRF | ||
| 080 | |a 629.371.21/.22 |2 MRF | ||
| 080 | |a 629(091) |2 MRF | ||
| 080 | |a (430) |2 MRF | ||
| 080 | |a (048.8) |2 MRF | ||
| 080 | |a (084.12) |2 MRF | ||
| 100 | 1 | |a Pavlůsek, Alois |7 xx0027446 |4 aut | |
| 245 | 1 | 0 | |a Porsche / |c Alois Pavlůsek |
| 246 | 1 | 8 | |a Kompletní historie značky Porsche |
| 250 | |a 1. vydání | ||
| 264 | 1 | |a V Brně : |b CPress, |c 2021 | |
| 300 | |a 390 stran : |b ilustrace (převážně barevné), portréty ; |c 33 cm | ||
| 336 | |a text |b txt |2 rdacontent | ||
| 336 | |a statický obraz |b sti |2 rdacontent | ||
| 337 | |a bez média |b n |2 rdamedia | ||
| 338 | |a svazek |b nc |2 rdacarrier | ||
| 500 | |a Obálkový podnázev: kompletní historie značky | ||
| 504 | |a Obsahuje bibliografii | ||
| 520 | 2 | |a Publikace mapuje historii legendární automobilové značky. Konstrukce slavných i méně známých typů automobilů, sportovní úspěchy. Archivní fotografie. | |
| 546 | |a Český text | ||
| 648 | 7 | |a 20.-21. století |7 ch462155 |2 czenas | |
| 650 | 0 | 7 | |a Porsche (automobily) |7 ph249480 |2 czenas |
| 650 | 0 | 7 | |a osobní automobily |7 ph115616 |z Německo |y 20.-21. století |2 czenas |
| 650 | 0 | 7 | |a sportovní automobily |7 ph116249 |z Německo |y 20.-21. století |2 czenas |
| 650 | 0 | 7 | |a závodní automobily |7 ph116810 |z Německo |y 20.-21. století |2 czenas |
| 650 | 0 | 7 | |a dějiny dopravních prostředků |7 ph499542 |z Německo |y 20.-21. století |2 czenas |
| 650 | 0 | 9 | |a Porsche automobile |2 eczenas |
| 650 | 0 | 9 | |a passenger cars |z Germany |y 20th-21st centuries |2 eczenas |
| 650 | 0 | 9 | |a sports automobiles |z Germany |y 20th-21st centuries |2 eczenas |
| 650 | 0 | 9 | |a race cars |z Germany |y 20th-21st centuries |2 eczenas |
| 650 | 0 | 9 | |a history of means of transportation |z Germany |y 20th-21st centuries |2 eczenas |
| 655 | 7 | |a přehledy |7 fd133202 |2 czenas | |
| 655 | 7 | |a fotografické publikace |7 fd132276 |2 czenas | |
| 655 | 9 | |a surveys |2 eczenas | |
| 655 | 9 | |a photographical works |2 eczenas | |
| 900 | |a ABA001 |b 19 | ||
| 928 | 9 | |a Albatros Media - CPress | |
| 044 | |a xr | ||
| 910 | |a RBIT002 | ||
| 998 | |d 336561 |a https://core.palmknihy.cz/api/books/336561/cover?sibe84 |b https://core.palmknihy.cz/api/books/336561/cover/400?sibe84 |c https://core.palmknihy.cz/api/books/336561/cover/50?sibe84 |e 2029-12-31 |g 392 |i 9788026438465 |k https://core.palmknihy.cz/api/books/336561/preview.pdf |l |q 49 |r 1 |s https://www.palmknihy.cz/kniha/336561 |t ebook |y 2021 |z 0 | ||
| 999 | |d 311430 | ||